Top countries with lowest gas price - Statistics

General Stats
  • This quiz has been taken 138 times
  • The average score is 7 of 10
Answer Stats
Rank Price per gallon Country % Correct
03. 0.606 Saudi Arabia
96%
02. 0.379 Iran
89%
08. 0.871 Kuwait
85%
05. 0.719 Qatar
85%
09. 1.173 Oman
76%
06. 0.795 Bahrain
72%
01. 0.076 Venezuela
67%
04. 0.644 Libya
50%
10. 1.211 Algeria
46%
07. 0.833 Turkmenistan
20%
No matching quizzes found
Score Distribution
Percent of People with Each Score
Percentile by Number Answered
Your Score History
You have not taken this quiz